Franchise by Poster Mash-Up Quiz Stats

 Plays Quiz Updated Oct 21, 2020

Support Sporcle.
Go Orange.
Score 0/21 Timer 06:00
6 Plays Today
Hint Answer % Correct
Indiana Jones
98.4%
Spider-Man
98.4%
The Twilight Saga
96.4%
Pirates of the Caribbean
95.7%
Alvin and the Chipmunks
94.3%
Austin Powers
94.2%
Kill Bill
94%
The Hangover
93.1%
Jason Bourne
92.4%
The Matrix
90.7%
Back to the Future
90.4%
Hint Answer % Correct
300
88.6%
The Lord of the Rings
87.1%
Harry Potter
86.7%
The Mummy
84%
Ocean's Trilogy
80.6%
The Fast and the Furious
78.5%
Rush Hour
75.2%
Lethal Weapon
68.4%
Rio
67.6%
The Chronicles of Narnia
61.8%

You're not logged in!

Compare scores with friends on all Sporcle quizzes.
OR
Log In

From the Vault

Big 4 Most Common MVP Names

by gwukelic

It's like guessing the most common baby names, except the babies are the world's greatest athletes.
Remove Ads.
Support Sporcle.
Get the best of Sporcle when you Go Orange. This ad-free experience offers more features, more stats, and more fun while also helping to support Sporcle. Thank you for becoming a member.

Show Comments

Extras

Top Quizzes Today


Score Distribution

Your Account Isn't Verified!

In order to create a playlist on Sporcle, you need to verify the email address you used during registration. Go to your Sporcle Settings to finish the process.

Report this User

Report this user for behavior that violates our Community Guidelines.

Details: